000 01104nam0a22002651 4500
001 rc\3776049
005 20120127164319.7
021 _aRU
_b[75-29800ж]
035 _a(NLR Aleph) 007227815
090 _a7717734
_c7717734
100 _a20120127d1975 |||y0rusy50 ca
101 0 _arus
102 _aRU
105 _ay z |||||
200 1 _aДиагностика, клиника и лечение неотложных состояний
_e[Сборник статей
_fРед. коллегия: проф. А.Я. Арипов и др.]
210 _aДушанбе
_cБ. и.
_d1975
215 _a132 с.
_d20
225 1 _aМинистерство здравоохранения ТаджССР. Таджикский государственный медицинский институт им. Абуали ибн-Сино. [Труды
_vТ. 122]
606 _aМедицинская помощь, неотложная
_jСборники
_2psbo
702 1 _aАрипов
_bА. Я.
_4340
801 0 _aRU
_bNLR
_gpsbo
801 1 _aRU
_bELAR
_2rusmarc
852 _aNLR
_jП16/389
942 _cBOOK
980 _aNB